00553nam a2200145Ia 4500050002100000100008600021245003600107020001800143260003000161040002900191942000700220008004100227952012400268999001500392 aS 531 bM48 2004 aNewcomb, L. H., J.David McCracken, J. Robert Warmbrod, M. Susie Whittington94473 0aMethods of teaching agriculture a0 13 113418 3 aPearsonbNew Jerseyc2004 cChuka University Library cBK230105s9999||||xx |||||||||||||| ||und|| 00102lcc40708LGLaCHKbCHKcGENd2023-01-05l0oS 531 .M48 2004p11560/2015r2023-01-05 00:00:00t2w2023-01-05yBK c7098d7098